đź“–đź’¬ Paroles "Le Lion et le Rat" la Fontaine - Statistiques

Statistiques générales
  • Ce quiz a Ă©tĂ© pris 144 fois
  • Le rĂ©sultat moyen est 79 sur 136
Statistiques - réponses
Mots % Correct
l'
100%
d'
97%
De
97%
de
97%
Lion,
95%
Lion
95%
Rat
95%
a
92%
Ă 
92%
un
89%
Un
89%
le
88%
Le
88%
on
85%
On
85%
qu'
85%
Qu'
85%
que
85%
des
83%
et
82%
Il
82%
il
82%
plus
82%
la
79%
petit
79%
soi.
77%
besoin
74%
les
71%
ce
68%
Ce
68%
en
68%
une
68%
ne
67%
dans
65%
ses
65%
au
64%
par
64%
souvent
64%
pas
62%
tout
62%
ni
58%
Roi
58%
animaux
56%
pris
56%
lui
55%
dents,
53%
fut
53%
cette
50%
faut
50%
monde.
48%
pattes
47%
temps
47%
était,
44%
peut
44%
Entre
42%
force
42%
rets,
42%
vie.
42%
foi,
41%
rage.
39%
Dont
38%
Font
36%
maille
36%
eût
33%
fit
33%
Tant
33%
tant
33%
longueur
32%
terre
32%
deux
30%
Patience
30%
ouvrage.
29%
chose
27%
Fables
27%
forĂŞts,
27%
Quelqu'
27%
rugissements
27%
sortit
27%
affaire ?
26%
assez
26%
emporta
26%
jamais
26%
occasion
26%
purent
26%
défaire.
24%
donna
24%
Sire
24%
sortir
24%
accourut ;
23%
étourdie.
23%
Montra
23%
perdu.
23%
rongée
21%
vérité
21%
aurait-
20%
bienfait
20%
cru
20%
abonde.
18%
autant
18%
feront
18%
obliger
18%
preuves
18%
advint
17%
Cependant
12%
Aucun quiz correspondant
Distribution des résultats
% des personnes avec chaque résultat
Percentile par nombre de réponses
Votre historique - résultats
Vous n’avez pas pris ce quiz